00668nam a22001937a 450000500170000001000150001702000270003203500140005903700130007308200150008624501230010126000450022427000640026930000240033350000500035770000270040770000210043470000190045520200218125058.0 aENG-127900 c1295.00a9780199489855 aEN-111432 bDBAD/PUB a363.720954 aThe right to sanitation in India : cedited by Philippe Cullet Sujith Koonan, Lovleen Bhullar bcritical perspectives/ aNew Delhic2019bOxford University Press a2/11 Ground Floor,Ansari Road,Dariyaganje110002bNew Delhi axxvii;435p.b22(hb) aincludes bibliographical references and index a Bhullar, Lovleen  aCullet, Philippe aKoonan, Sujith